00285nam a2200121Ia 45000030006000000080041000060400015000471000019000622450022000812600031001035460012001340050017001460STCL150530s9999 xx 000 0 und d aSTCLcSTCL aMary Me Carthy aGroves of academe bNew American libraryc1952 aEnglish20220125171345.0